000 01286nam a22003497a 4500
003 CHAP
005 20220329140233.0
008 971013s1975 r 00010 d
010 _a49042
011 _a50014
035 _a54164
040 _cCHAP
090 _aTesis
100 0 0 _aRivera Lanza, Roberto.
_997679
245 _aEfecto de la densidad de siembra sobre el rendimiento de grano y caracteres agronómicos en variedades enanas y normales de maíz (Zea mays L.) en Apodaca, N. L. durante la primavera de 1974
260 _aMonterrey, N. L. :
_bEl autor,
_c1975
300 _a63 h.
_b; gráfs.
502 _aTesis (ing. Agr. Fitotecnista) -- ITESM. División de Ciencias Agropecuarias y Marítimas
590 _aALEPH
_b10
_c20130110
_lUCH01
_h1321
590 _aBATCH-UPD
_b10
_c20130110
_lUCH01
_h0304
590 _aBATCH-UPD
_b10
_c20130110
_lUCH01
_h2051
590 _aBATCH-UPD
_b10
_c20130409
_lUCH01
_h2336
590 _aBATCH-UPD
_b10
_c20130410
_lUCH01
_h1405
590 _aBATCH-UPD
_b10
_c20130914
_lUCH01
_h1752
590 _aCONVERSION
_b10
_c20130109
_lUCH01
_h1327
650 1 4 _aMaíz enano.
_971113
650 1 4 _aMaíz
_xNuevo León.
_971029
650 1 4 _aMaíz
_xRendimiento.
_971051
901 _aBK
942 _cTESIS
949 _bBC
_cTES
_d-119655
_eTS1
_i54164
_si
999 _c49042
_d49042